[Event "EU-ch 23rd"]
[Site "Vrnjacka Banja"]
[Date "2023.03.10"]
[Round "8"]
[White "Tifferet, Shaked"]
[Black "Arsovic, Goran"]
[Result "1-0"]
[WhiteElo "2219"]
[BlackElo "2379"]
[PlyCount "50"]
[EventDate "2023.03.03"]
[EventType "swiss"]
[EventRounds "11"]
[EventCountry "SRB"]
[SourceTitle "CBM 213"]
[Source "ChessBase"]
[SourceDate "2023.04.30"]
[SourceVersion "1"]
[SourceVersionDate "2023.04.30"]
[SourceQuality "1"]

1. d4 Nf6 2. c4 g6 3. Nc3 Bg7 4. e4 d6 5. h3 Nbd7 6. Be3 e5 7. d5 Nc5 8. Qc2 Nh5 9. b4 Nd7 10. c5 0-0 11. c6 bxc6 12. dxc6 Nb6 13. Nf3 Be6 14. Rd1 h6 15. a4 f5 16. a5 Nc8 17. Be2 Nf4 18. Bxf4 exf4 19. Nd4 Bxd4 20. Rxd4 Qf6 21. Qd2 fxe4 22. Nxe4 Qe5 23. 0-0 Ne7 24. Re1 Nxc6 25. Rd3 Qg7 1-0

[Event "EU-ch 23rd"]
[Site "Vrnjacka Banja"]
[Date "2023.03.08"]
[Round "6"]
[White "Bjelanovic, Mile"]
[Black "Arsovic, Goran"]
[Result "0-1"]
[WhiteElo "2017"]
[BlackElo "2379"]
[PlyCount "64"]
[EventDate "2023.03.03"]
[EventType "swiss"]
[EventRounds "11"]
[EventCountry "SRB"]
[SourceTitle "CBM 213"]
[Source "ChessBase"]
[SourceDate "2023.04.30"]
[SourceVersion "1"]
[SourceVersionDate "2023.04.30"]
[SourceQuality "1"]

1. e4 c5 2. Nf3 e6 3. d3 Nc6 4. g3 Nge7 5. Bg2 g6 6. 0-0 Bg7 7. Qe2 0-0 8. c3 d6 9. Rd1 e5 10. Na3 d5 11. exd5 Nxd5 12. Nc4 h6 13. a4 Re8 14. Qc2 b6 15. Ne3 Be6 16. Nxd5 Bxd5 17. Nh4 Bxg2 18. Nxg2 Qd7 19. Be3 Qd5 20. Re1 Rad8 21. Rad1 Re7 22. Rd2 Red7 23. Red1 Rd6 24. f4 exf4 25. Bxf4 Re6 26. Ne3 Qh5 27. Nc4 Rde8 28. Rf1 g5 29. Bd6 Re2 30. Rf2 Re1+ 31. Rf1 Rxf1+ 32. Kxf1 Qf3+ 0-1

[Event "EU-ch 23rd"]
[Site "Vrnjacka Banja"]
[Date "2023.03.06"]
[Round "4"]
[White "Gavrilescu, David"]
[Black "Arsovic, Goran"]
[Result "1-0"]
[WhiteElo "2527"]
[BlackElo "2379"]
[PlyCount "63"]
[EventDate "2023.03.03"]
[EventType "swiss"]
[EventRounds "11"]
[EventCountry "SRB"]
[SourceTitle "CBM 213"]
[Source "ChessBase"]
[SourceDate "2023.04.30"]
[SourceVersion "1"]
[SourceVersionDate "2023.04.30"]
[SourceQuality "1"]

1. e4 c5 2. Nf3 d6 3. d4 cxd4 4. Qxd4 Nf6 5. Be2 Nc6 6. Qe3 g6 7. 0-0 Bg7 8. h3 0-0 9. Rd1 Be6 10. Nc3 Qc7 11. Qf4 Qa5 12. Ng5 h6 13. Nxe6 fxe6 14. Qh4 g5 15. Qg3 Ne5 16. Rb1 Rac8 17. Bd2 Ng6 18. Qe3 a6 19. a4 Qe5 20. Bd3 g4 21. Rf1 Qh5 22. Qg3 gxh3 23. Be2 Rxc3 24. Bxc3 Qxe2 25. Qxg6 hxg2 26. Rfe1 Qxc2 27. Rbc1 Qxa4 28. Bxf6 Rxf6 29. Rc8+ Rf8 30. Qxe6+ Kh8 31. Rxf8+ Bxf8 32. Qc8 1-0

[Event "EU-ch 23rd"]
[Site "Vrnjacka Banja"]
[Date "2023.03.04"]
[Round "2"]
[White "Alsina Leal, Daniel"]
[Black "Arsovic, Goran"]
[Result "1/2-1/2"]
[WhiteElo "2522"]
[BlackElo "2379"]
[PlyCount "46"]
[EventDate "2023.03.03"]
[EventType "swiss"]
[EventRounds "11"]
[EventCountry "SRB"]
[SourceTitle "CBM 213"]
[Source "ChessBase"]
[SourceDate "2023.04.30"]
[SourceVersion "1"]
[SourceVersionDate "2023.04.30"]
[SourceQuality "1"]

1. e4 c5 2. Nf3 d6 3. d4 cxd4 4. Nxd4 Nf6 5. Nc3 Nc6 6. Bg5 e6 7. Qd2 a6 8. 0-0-0 Bd7 9. Kb1 Be7 10. f3 Qc7 11. g4 h5 12. Nxc6 Bxc6 13. Bxf6 gxf6 14. Bh3 hxg4 15. Bxg4 0-0-0 16. Qe2 Kb8 17. Rhe1 d5 18. exd5 Rxh2 19. Qc4 exd5 20. Qd4 Rh4 21. Qf2 Rh2 22. Qd4 Rh4 23. Qf2 Rh2 1/2-1/2

[Event "Belgrade Gligoric 100 Ann op"]
[Site "Belgrade"]
[Date "2023.02.05"]
[Round "7"]
[White "Arsovic, Goran"]
[Black "Pavlovic, Milos"]
[Result "0-1"]
[WhiteElo "2379"]
[BlackElo "2418"]
[PlyCount "88"]
[EventDate "2023.02.05"]
[EventType "swiss (blitz)"]
[EventRounds "11"]
[EventCountry "SRB"]
[SourceTitle "EXT 2024"]
[Source "ChessBase"]
[SourceDate "2023.10.10"]
[SourceVersion "1"]
[SourceVersionDate "2023.10.10"]
[SourceQuality "1"]

1. d4 Nf6 2. Nf3 d5 3. c4 e6 4. Nc3 Be7 5. Bg5 h6 6. Bxf6 Bxf6 7. e3 0-0 8. Be2 dxc4 9. Bxc4 c5 10. 0-0 cxd4 11. exd4 Nc6 12. Ne2 b6 13. Qd3 Bb7 14. Rfd1 Rc8 15. a3 Ne7 16. Rac1 Qd6 17. Ba6 Qb8 18. Ne5 Rfd8 19. Ng4 Bg5 20. Rxc8 Qxc8 21. Bxb7 Qxb7 22. Qg3 Ng6 23. Ne5 Qe4 24. Nc3 Rxd4 25. Nf3 Rxd1+ 26. Nxd1 Qd3 27. Nc3 Bf4 28. Qg4 Qc2 29. g3 Qxb2 30. Nd1 Qb1 31. Nd4 Be5 32. Nc6 Bf6 33. Kg2 Ne5 34. Nxe5 Bxe5 35. Ne3 f5 36. Qh5 Qe4+ 37. Kg1 Bd4 38. Nf1 Kh7 39. Qd1 b5 40. h4 a5 41. h5 b4 42. axb4 axb4 43. Nd2 Qd3 44. Qc1 Qe2 0-1

[Event "Belgrade Gligoric 100 Ann op"]
[Site "Belgrade"]
[Date "2023.02.05"]
[Round "8"]
[White "Markovic, Jevrem"]
[Black "Arsovic, Goran"]
[Result "0-1"]
[WhiteElo "2069"]
[BlackElo "2379"]
[PlyCount "108"]
[EventDate "2023.02.05"]
[EventType "swiss (blitz)"]
[EventRounds "11"]
[EventCountry "SRB"]
[SourceTitle "EXT 2024"]
[Source "ChessBase"]
[SourceDate "2023.10.10"]
[SourceVersion "1"]
[SourceVersionDate "2023.10.10"]
[SourceQuality "1"]

1. c4 Nf6 2. Nc3 g6 3. e4 d6 4. g3 Bg7 5. Bg2 c5 6. Nge2 Nc6 7. 0-0 0-0 8. h3 Ne8 9. d3 Nc7 10. Be3 Ne6 11. Qd2 a6 12. f4 Ned4 13. Rae1 b5 14. b3 Qa5 15. Kh2 Rb8 16. g4 Nxe2 17. Nxe2 Qxd2 18. Bxd2 bxc4 19. dxc4 Nb4 20. Nc1 Nc2 21. Re2 Nd4 22. Re3 e5 23. f5 Bh6 24. Rd3 Bxd2 25. Rxd2 f6 26. Ne2 Bd7 27. Nc3 Bc6 28. h4 Kg7 29. Kg3 a5 30. Rb1 Rb4 31. Rdb2 Rfb8 32. Kf2 a4 33. Ke3 axb3 34. axb3 Rxb3 35. Rxb3 Rxb3 36. Rxb3 Nxb3 37. Bf1 Nd4 38. fxg6 Kxg6 39. Nd1 Bd7 40. Nf2 Be6 41. Be2 Nxe2 42. Kxe2 Bxc4+ 43. Ke3 Be6 44. Kf3 h5 45. gxh5+ Kxh5 46. Kg3 c4 47. Nd1 d5 48. exd5 Bxd5 49. Nc3 Be6 50. Ne4 f5 51. Nc3 Bf7 52. Nb5 Bd5 53. Nc3 f4+ 54. Kf2 Bc6 0-1

[Event "SRB-chT Premier"]
[Site "Vrnjacka Banja"]
[Date "2022.09.21"]
[Round "2.6"]
[White "Arsovic, Goran"]
[Black "Nenezic, Marko"]
[Result "1/2-1/2"]
[WhiteElo "2362"]
[BlackElo "2528"]
[PlyCount "118"]
[EventDate "2022.09.20"]
[EventType "team-tourn"]
[EventRounds "11"]
[EventCountry "SRB"]
[SourceTitle "CBM 210 Extra"]
[Source "ChessBase"]
[SourceDate "2022.11.30"]
[SourceVersion "1"]
[SourceVersionDate "2022.11.30"]
[SourceQuality "1"]
[WhiteTeam "Lucani Mladost"]
[BlackTeam "Pozega"]
[WhiteTeamCountry "SRB"]
[BlackTeamCountry "SRB"]

1. d4 Nf6 2. Nf3 g6 3. c4 Bg7 4. g3 0-0 5. Bg2 d6 6. Nc3 c6 7. 0-0 Bf5 8. Re1 Ne4 9. Qb3 Nxc3 10. bxc3 Bc8 11. e4 Nd7 12. e5 dxe5 13. Ba3 Re8 14. dxe5 Nf8 15. Nd4 Qc7 16. f4 Bd7 17. Rad1 c5 18. Nc2 Rab8 19. Ne3 Qa5 20. Rd5 b6 21. Bc1 Ba4 22. Qa3 e6 23. Rd2 Red8 24. Ree2 h5 25. Rxd8 Rxd8 26. Rd2 Rxd2 27. Bxd2 f6 28. exf6 Bxf6 29. Be4 Kf7 30. Kf2 Nd7 31. Bc2 Bc6 32. Qxa5 bxa5 33. Nd1 Be7 34. Ke3 Nb6 35. Nb2 Bg2 36. Be4 Bh3 37. Bd3 Bd6 38. Nd1 e5 39. fxe5 Bxe5 40. Be2 Bf5 41. Nb2 Ke6 42. Bf3 Bb1 43. a3 Kf5 44. Be2 Bd6 45. Be1 Bf8 46. Kd2 Bh6+ 47. Kd1 Be3 48. Bd2 Bg1 49. h3 Kf6 50. Bf4 Kf5 51. Bb8 Be4 52. Kd2 Kf6 53. Bc7 Bg2 54. h4 Be4 55. Bf4 Kf5 56. Ke1 Bg2 57. Bf1 Bf3 58. Bd3+ Be4 59. Be2 Bg2 1/2-1/2

[Event "FRM-chT2 Final"]
[Site "Ohrid"]
[Date "2022.07.24"]
[Round "1.3"]
[White "Petrovski, Aleksandar"]
[Black "Arsovic, Goran"]
[Result "0-1"]
[WhiteElo "2196"]
[BlackElo "2359"]
[PlyCount "86"]
[EventDate "2022.07.24"]
[EventType "team-tourn"]
[EventRounds "3"]
[EventCountry "MKD"]
[SourceTitle "EXT 2023"]
[Source "ChessBase"]
[SourceDate "2022.10.05"]
[SourceVersion "1"]
[SourceVersionDate "2022.10.05"]
[SourceQuality "1"]
[WhiteTeam "MSK Centar"]
[BlackTeam "Pelagon"]
[WhiteTeamCountry "MKD"]
[BlackTeamCountry "MKD"]

1. e4 c5 2. Nf3 d6 3. d4 cxd4 4. Qxd4 Nf6 5. Nc3 Nc6 6. Bb5 Bd7 7. Bxc6 Bxc6 8. Bg5 e6 9. 0-0-0 Be7 10. Qd3 Qa5 11. Kb1 0-0 12. Bd2 Qc7 13. Nd4 a6 14. f3 d5 15. exd5 Bxd5 16. Nxd5 Nxd5 17. c4 Nb4 18. Bxb4 Bxb4 19. Nc2 Rfd8 20. Qe4 Be7 21. Ne3 Qb6 22. b3 g6 23. g4 a5 24. Rxd8+ Rxd8 25. Rd1 Rxd1+ 26. Nxd1 Qg1 27. Qe2 Bd6 28. h3 Qh1 29. Kc2 Qxh3 30. Kd3 h5 31. Nf2 Qh2 32. Ne4 Qxe2+ 33. Kxe2 Be7 34. g5 Kf8 35. f4 Ke8 36. Nf2 e5 37. Kf3 Kd7 38. fxe5 Bxg5 39. Ke4 Be7 40. Nd3 h4 41. Nf4 g5 42. Ne2 g4 43. Kf4 g3 0-1

[Event "SRB-chT Premier"]
[Site "Vrnjacka Banja"]
[Date "2021.09.11"]
[Round "6.3"]
[White "Pap, Misa"]
[Black "Arsovic, Goran"]
[Result "1-0"]
[WhiteElo "2384"]
[BlackElo "2371"]
[PlyCount "91"]
[EventDate "2021.09.07"]
[EventType "team-tourn"]
[EventRounds "11"]
[EventCountry "SRB"]
[SourceTitle "CBM 204 Extra"]
[Source "ChessBase"]
[SourceDate "2021.11.30"]
[SourceVersion "1"]
[SourceVersionDate "2021.11.30"]
[SourceQuality "1"]
[WhiteTeam "Belgrade Politika"]
[BlackTeam "Kac Jugovic"]
[WhiteTeamCountry "SRB"]
[BlackTeamCountry "SRB"]

1. e4 c5 2. Nf3 d6 3. d4 cxd4 4. Nxd4 Nf6 5. Nc3 a6 6. h3 e5 7. Nde2 h5 8. Bg5 Be6 9. Bxf6 Qxf6 10. Nd5 Qd8 11. Qd3 Nd7 12. Nec3 g6 13. 0-0-0 b5 14. Kb1 Rb8 15. a3 Nc5 16. Qe2 Bd7 17. f4 Bg7 18. b4 Ne6 19. f5 Nd4 20. Qf2 gxf5 21. exf5 Bxf5 22. Rxd4 exd4 23. Qxf5 dxc3 24. Bd3 Rb7 25. Re1+ Kf8 26. Nf4 Rh6 27. Nxh5 Rxh5 28. Qxh5 Re7 29. Re4 Re5 30. Qf3 d5 31. Rxe5 Bxe5 32. Qf5 Qd6 33. h4 a5 34. Qc8+ Kg7 35. Qc5 axb4 36. axb4 Bg3 37. h5 Qxc5 38. bxc5 Kh6 39. Be2 f5 40. Ka2 Bf2 41. c6 Bb6 42. Kb3 Ba5 43. Bxb5 Kxh5 44. Ka4 Bc7 45. Bd3 f4 46. Kb5 1-0

[Event "Belgrade Serbia op"]
[Site "Belgrade"]
[Date "2021.07.03"]
[Round "3"]
[White "Kadric, Denis"]
[Black "Arsovic, Goran"]
[Result "1-0"]
[WhiteElo "2564"]
[BlackElo "2381"]
[PlyCount "70"]
[EventDate "2021.07.02"]
[EventType "swiss"]
[EventRounds "9"]
[EventCountry "SRB"]
[SourceTitle "CBM 203 Extra"]
[Source "ChessBase"]
[SourceDate "2021.09.30"]
[SourceVersion "1"]
[SourceVersionDate "2021.09.30"]
[SourceQuality "1"]

1. e4 c5 2. Nc3 d6 3. f4 g6 4. d4 cxd4 5. Qxd4 Nf6 6. e5 Nc6 7. Bb5 Nd7 8. Bxc6 bxc6 9. exd6 Nf6 10. Be3 exd6 11. 0-0-0 Be7 12. Ne4 d5 13. Qe5 Be6 14. Bc5 Bxc5 15. Nxc5 Qe7 16. Nf3 0-0 17. Rde1 Qxc5 18. Qxf6 Bf5 19. Nd4 Be4 20. Re3 Rab8 21. Rd1 Rb6 22. Ra3 a6 23. Rc3 Qb4 24. Rb3 Qc5 25. Rxb6 Qxb6 26. Qxc6 Qxc6 27. Nxc6 Bxg2 28. Rd2 Bf3 29. Rd3 Be4 30. Ra3 Re8 31. Rxa6 Bg2 32. Ne5 g5 33. Ng4 Kg7 34. fxg5 Re2 35. Rf6 Bh3 1-0

[Event "Veliko Gradiste Silver Lake op-A"]
[Site "Veliko Gradiste"]
[Date "2021.06.26"]
[Round "5"]
[White "Popchev, Milko"]
[Black "Arsovic, Goran"]
[Result "1/2-1/2"]
[WhiteElo "2235"]
[BlackElo "2381"]
[PlyCount "21"]
[EventDate "2021.06.23"]
[EventType "swiss"]
[EventRounds "9"]
[EventCountry "SRB"]
[SourceTitle "CBM 203 Extra"]
[Source "ChessBase"]
[SourceDate "2021.09.30"]
[SourceVersion "1"]
[SourceVersionDate "2021.09.30"]
[SourceQuality "1"]

1. Nf3 Nf6 2. g3 b6 3. Bg2 Bb7 4. 0-0 c5 5. c4 e6 6. d4 cxd4 7. Nxd4 Bxg2 8. Kxg2 Qc8 9. b3 Be7 10. Bb2 Qb7+ 11. f3 1/2-1/2

[Event "Veliko Gradiste Silver Lake op-A"]
[Site "Veliko Gradiste"]
[Date "2021.06.24"]
[Round "3"]
[White "Sadhwani, Raunak"]
[Black "Arsovic, Goran"]
[Result "1-0"]
[WhiteElo "2555"]
[BlackElo "2381"]
[PlyCount "55"]
[EventDate "2021.06.23"]
[EventType "swiss"]
[EventRounds "9"]
[EventCountry "SRB"]
[SourceTitle "CBM 203 Extra"]
[Source "ChessBase"]
[SourceDate "2021.09.30"]
[SourceVersion "1"]
[SourceVersionDate "2021.09.30"]
[SourceQuality "1"]

1. d4 Nf6 2. Nf3 g6 3. c4 Bg7 4. g3 0-0 5. Bg2 d6 6. 0-0 c6 7. Nc3 Qb6 8. c5 dxc5 9. Na4 Qb5 10. Nxc5 a5 11. e4 Na6 12. a4 Qb6 13. Nxa6 Qxa6 14. Qc2 Be6 15. Ra3 Rad8 16. h3 h6 17. Rc3 Kh7 18. b3 Ne8 19. Ba3 Nd6 20. Re1 Rfe8 21. Kh2 Nc8 22. Bc5 b6 23. Ba3 Bxd4 24. Nxd4 Rxd4 25. Bf1 Qb7 26. Rxc6 Rd2 27. Qxd2 Qxc6 28. Bb5 1-0

[Event "SRB-chT"]
[Site "Subotica"]
[Date "2019.08.31"]
[Round "10.2"]
[White "Arsovic, Goran"]
[Black "Ivic, Velimir"]
[Result "0-1"]
[WhiteElo "2389"]
[BlackElo "2511"]
[PlyCount "114"]
[EventDate "2019.08.22"]
[EventType "team-tourn"]
[EventRounds "11"]
[EventCountry "SRB"]
[SourceTitle "EXT 2020"]
[Source "ChessBase"]
[SourceDate "2019.10.17"]
[SourceVersion "1"]
[SourceVersionDate "2019.10.17"]
[SourceQuality "1"]
[WhiteTeam "Rudovci Radnicki"]
[BlackTeam "Belgrade Itaka"]
[WhiteTeamCountry "SRB"]
[BlackTeamCountry "SRB"]

1. d4 Nf6 2. Nf3 g6 3. c4 Bg7 4. g3 0-0 5. Bg2 d6 6. Nc3 Nc6 7. 0-0 Bf5 8. Be3 Ng4 9. Bg5 h6 10. Bd2 e5 11. dxe5 dxe5 12. Qc1 Kh7 13. h3 Nf6 14. Rd1 Nd7 15. e4 Be6 16. Nd5 a5 17. Bc3 Qc8 18. Qe3 b6 19. b3 Nc5 20. Kh2 Bd7 21. Rac1 Ne6 22. Qe2 Qd8 23. h4 Ncd4 24. Bxd4 exd4 25. Qd2 c6 26. Nf4 Nxf4 27. Qxf4 c5 28. a4 Qe7 29. Qd2 Rae8 30. Ne1 Bc6 31. Nd3 Bxe4 32. Re1 Qb7 33. Rxe4 Rxe4 34. Bxe4 Qxe4 35. Re1 Qf3 36. Qe2 Qf5 37. Qe4 Qf6 38. Qe7 g5 39. hxg5 hxg5 40. Kg2 Qf5 41. Qe4 Qxe4+ 42. Rxe4 Bf6 43. Re1 Kg6 44. Re2 Rh8 45. Re1 Bd8 46. Re5 Kf6 47. Re4 Bc7 48. Re1 Bd6 49. Re2 g4 50. Re4 Kf5 51. Re1 Rh6 52. Re8 Re6 53. Rxe6 fxe6 54. f3 gxf3+ 55. Kxf3 Bxg3 56. Kxg3 Ke4 57. Nf2+ Ke5 0-1

[Event "SRB-chT"]
[Site "Subotica"]
[Date "2019.08.26"]
[Round "5.5"]
[White "Arsovic, Goran"]
[Black "Ratkovic, Miloje"]
[Result "0-1"]
[WhiteElo "2389"]
[BlackElo "2431"]
[PlyCount "74"]
[EventDate "2019.08.22"]
[EventType "team-tourn"]
[EventRounds "11"]
[EventCountry "SRB"]
[SourceTitle "EXT 2020"]
[Source "ChessBase"]
[SourceDate "2019.10.17"]
[SourceVersion "1"]
[SourceVersionDate "2019.10.17"]
[SourceQuality "1"]
[WhiteTeam "Rudovci Radnicki"]
[BlackTeam "Elemir Naftagas"]
[WhiteTeamCountry "SRB"]
[BlackTeamCountry "SRB"]

1. d4 d5 2. Nf3 Bf5 3. c4 e6 4. Nc3 Nc6 5. cxd5 exd5 6. Bf4 Nf6 7. e3 Bd6 8. Bg3 Ne7 9. Bd3 c6 10. Be5 Be6 11. Bxf6 gxf6 12. Nh4 Qc7 13. Qc2 0-0-0 14. 0-0-0 Kb8 15. Kb1 Qa5 16. Rc1 c5 17. dxc5 d4 18. Qa4 Bc7 19. Qxa5 Bxa5 20. Nb5 dxe3 21. Nd6 exf2 22. Bc4 Nd5 23. Rhf1 Ne3 24. Bxe6 Nxf1 25. Rxf1 fxe6 26. Rxf2 Be1 27. Rf4 Bxh4 28. Rxh4 Rd7 29. Rh6 Rf8 30. b4 b6 31. Kb2 bxc5 32. bxc5 Rc7 33. Ne4 f5 34. Ng5 Rxc5 35. Rxe6 Rfc8 36. Nxh7 Rc2+ 37. Kb3 Rxg2 0-1

[Event "SRB-chT"]
[Site "Subotica"]
[Date "2019.08.24"]
[Round "3.4"]
[White "Arsovic, Goran"]
[Black "Brenjo, Slavisa"]
[Result "1/2-1/2"]
[WhiteElo "2389"]
[BlackElo "2440"]
[PlyCount "70"]
[EventDate "2019.08.22"]
[EventType "team-tourn"]
[EventRounds "11"]
[EventCountry "SRB"]
[SourceTitle "EXT 2020"]
[Source "ChessBase"]
[SourceDate "2019.10.17"]
[SourceVersion "1"]
[SourceVersionDate "2019.10.17"]
[SourceQuality "1"]
[WhiteTeam "Rudovci Radnicki"]
[BlackTeam "Kraljevo Sloga Turist"]
[WhiteTeamCountry "SRB"]
[BlackTeamCountry "SRB"]

1. d4 Nf6 2. Nf3 g6 3. g3 Bg7 4. Bg2 c5 5. c4 0-0 6. Nc3 cxd4 7. Nxd4 Nc6 8. 0-0 Qa5 9. e3 d6 10. Bd2 Nxd4 11. exd4 Qb6 12. Bc1 Bg4 13. Qb3 Qxd4 14. Be3 Qe5 15. Qxb7 Rab8 16. Qxa7 Rxb2 17. Bd4 Qh5 18. Nd5 Nxd5 19. Bxb2 Bxb2 20. Rab1 Nf4 21. gxf4 Be2 22. Qxe7 Bxf1 23. Kxf1 Ba3 24. h3 Qf5 25. Qe4 Qf6 26. Bf3 Kg7 27. Kg2 Bc5 28. Rb7 Qh4 29. Rb2 Rb8 30. Qe2 Rxb2 31. Qxb2+ Qf6 32. Qxf6+ Kxf6 33. Bd5 Ke7 34. Kf3 f5 35. a4 Bb6 1/2-1/2

[Event "BIH-chT 18th"]
[Site "Tuzla"]
[Date "2019.06.14"]
[Round "7.5"]
[White "Brkic, Ante"]
[Black "Arsovic, Goran"]
[Result "1/2-1/2"]
[WhiteElo "2572"]
[BlackElo "2374"]
[PlyCount "45"]
[EventDate "2019.06.08"]
[EventType "team-tourn"]
[EventRounds "9"]
[EventCountry "BIH"]
[SourceTitle "CBM 190 Extra"]
[Source "ChessBase"]
[SourceDate "2019.07.15"]
[SourceVersion "1"]
[SourceVersionDate "2019.07.15"]
[SourceQuality "1"]
[WhiteTeam "Siroki Brijeg"]
[BlackTeam "Samac"]
[WhiteTeamCountry "BIH"]
[BlackTeamCountry "BIH"]

1. e4 c5 2. Nc3 d6 3. d4 cxd4 4. Qxd4 Nc6 5. Qd2 g6 6. b3 Bh6 7. f4 Nf6 8. Bb2 0-0 9. 0-0-0 a5 10. a4 e5 11. g3 Nb4 12. Bh3 exf4 13. Kb1 Be6 14. gxf4 Re8 15. Qf2 Bxh3 16. Nxh3 Nxe4 17. Nxe4 Rxe4 18. Qf3 d5 19. Qc3 d4 20. Rxd4 Rxd4 21. Qxd4 Qxd4 22. Bxd4 Re8 23. Rf1 1/2-1/2

[Event "EU-ch 20th"]
[Site "Skopje"]
[Date "2019.03.25"]
[Round "7"]
[White "Arsovic, Goran"]
[Black "Jurcik, Marian"]
[Result "0-1"]
[WhiteElo "2380"]
[BlackElo "2474"]
[PlyCount "76"]
[EventDate "2019.03.18"]
[EventType "swiss"]
[EventRounds "11"]
[EventCountry "MKD"]
[SourceTitle "CBM 189"]
[Source "ChessBase"]
[SourceDate "2019.04.29"]
[SourceVersion "1"]
[SourceVersionDate "2019.04.29"]
[SourceQuality "1"]

1. d4 Nf6 2. Nf3 e6 3. c4 d5 4. Nc3 a6 5. cxd5 exd5 6. Bg5 Be6 7. e3 Nbd7 8. Bd3 c6 9. h3 Bd6 10. Bf4 Qc7 11. Bxd6 Qxd6 12. Qc2 h6 13. a3 a5 14. Rc1 0-0 15. 0-0 Rfe8 16. Rce1 b6 17. Nh2 c5 18. f4 Nf8 19. Qf2 cxd4 20. exd4 Bd7 21. f5 Bc6 22. Nf3 N8d7 23. Qh4 Rab8 24. Rxe8+ Rxe8 25. Re1 Rb8 26. Bb5 Bxb5 27. Nxb5 Qc6 28. Nc3 b5 29. Ne5 Qc7 30. Nxd7 Qxd7 31. Qf4 Rc8 32. Re5 b4 33. axb4 axb4 34. Nd1 Rc2 35. Kh2 Qc7 36. b3 Kh7 37. Qg3 Ne4 38. Qg4 Rd2 0-1

[Event "EU-ch 20th"]
[Site "Skopje"]
[Date "2019.03.24"]
[Round "6"]
[White "Smirnova, Ekaterina"]
[Black "Arsovic, Goran"]
[Result "0-1"]
[WhiteElo "2178"]
[BlackElo "2380"]
[PlyCount "92"]
[EventDate "2019.03.18"]
[EventType "swiss"]
[EventRounds "11"]
[EventCountry "MKD"]
[SourceTitle "CBM 189"]
[Source "ChessBase"]
[SourceDate "2019.04.29"]
[SourceVersion "1"]
[SourceVersionDate "2019.04.29"]
[SourceQuality "1"]

1. d4 Nf6 2. c4 g6 3. Nc3 Bg7 4. e4 d6 5. Be2 0-0 6. Bg5 c5 7. d5 e6 8. Qd2 exd5 9. exd5 Qb6 10. Nf3 Bf5 11. Nh4 Ne4 12. Nxe4 Bxe4 13. f3 h6 14. Bxh6 Bxh6 15. Qxh6 Qxb2 16. Rc1 Re8 17. Qd2 Qf6 18. g3 Bf5 19. Nxf5 Qxf5 20. 0-0 Nd7 21. f4 Re7 22. Rb1 b6 23. Bf3 Nf6 24. Rbe1 Rae8 25. Rxe7 Rxe7 26. a4 Re8 27. Qc3 Ne4 28. Qb2 Qf6 29. Qxf6 Nxf6 30. a5 bxa5 31. Ra1 Re3 32. Kf2 Rc3 33. Rxa5 Rxc4 34. Rxa7 Rc2+ 35. Kg1 c4 36. Ra8+ Kg7 37. Rd8 c3 38. Rc8 Nd7 39. Rc4 Nc5 40. Kf1 Kf6 41. h4 Kg7 42. g4 Nd3 43. Be2 Rc1+ 44. Kg2 Ne1+ 45. Kf2 c2 46. Ke3 Rd1 0-1

[Event "EU-ch 20th"]
[Site "Skopje"]
[Date "2019.03.19"]
[Round "2"]
[White "Moroni, Luca Jr"]
[Black "Arsovic, Goran"]
[Result "1/2-1/2"]
[WhiteElo "2564"]
[BlackElo "2380"]
[PlyCount "77"]
[EventDate "2019.03.18"]
[EventType "swiss"]
[EventRounds "11"]
[EventCountry "MKD"]
[SourceTitle "CBM 189"]
[Source "ChessBase"]
[SourceDate "2019.04.29"]
[SourceVersion "1"]
[SourceVersionDate "2019.04.29"]
[SourceQuality "1"]

1. d4 Nf6 2. c4 g6 3. g3 Bg7 4. Bg2 d6 5. Nc3 0-0 6. Nf3 Nc6 7. 0-0 e5 8. dxe5 dxe5 9. Bg5 Be6 10. Nd2 Qb8 11. Bxf6 Bxf6 12. Nde4 Be7 13. Nd5 Qd8 14. Qa4 Bxd5 15. cxd5 Nd4 16. e3 Nf5 17. Rac1 Nd6 18. Nc5 Re8 19. Bh3 Bg5 20. Rc2 Re7 21. Rfc1 h5 22. Nd7 b5 23. Qa6 Rxd7 24. Bxd7 Qxd7 25. Rxc7 Qd8 26. Qc6 Qf8 27. h4 Bf6 28. Rc2 Kg7 29. Qa6 Qd8 30. R2c6 Ne8 31. Rc8 Rxc8 32. Qxc8 Qxd5 33. Qxe8 Qd1+ 34. Kh2 Qd2 35. Kg2 Qd5+ 36. Kf1 Qd1+ 37. Kg2 Qd5+ 38. Kh2 Qd2 39. Kg2 1/2-1/2